| 000 | 00554nam a2200181Ia 4500 | ||
|---|---|---|---|
| 003 | GCL | ||
| 008 | 140319s9999 xx 000 0 ara d | ||
| 040 |
_aGCL / _cGCL |
||
| 082 | 0 | 4 |
_a924.1 _bا س |
| 100 | 1 | _aاحمد احمد بدوى | |
| 245 | 1 | 0 |
_aسيبويه : حياته وكتابه / _cاحمد احمد بدوى |
| 300 | _a52 ص | ||
| 490 |
_aالهيئة العامة للاستعلامات _v0 |
||
| 650 | 0 | 4 | _aاللغة العربية |
| 650 | 0 | 4 | _aالنحويين - تراجم |
| 650 | 0 | 4 | _aسيبويه - تراجم |
| 942 |
_2ddc _cBK |
||
| 999 |
_c47155 _d47155 |
||